000 00741nam a2200217Ii 4500
003 JO-AjNU
008 230605s9999||||xx |||||||||||||| ||und||
040 _aJO-AjNU
_bara
_erda
_cJO-AjNU
041 _aara
050 1 4 _aPJ7745.N33 1988
100 3 _aتاليف العمر،احمد خطاب,
_eauthor
_916656
245 0 0 _aابو جعفر النحاس
250 _aط1
264 3 1 _aد.م: دار الشؤون الثقافية العامه، 1988
300 _a194ص
336 _atext
_btxt
_2rdacontent
337 _aunmediated
_bn
_2rdamedia
338 _avolume
_bnc
_2rdacarrier
490 0 _aسلسلة نوابغ الفكر العربي/هيئة كتابة التاريخ
650 4 _aأبو جعفر النحاس-شعر
_916657
999 _aA4985
_c8553
_d8553